Largest African Countries and Australian States - Statistics

General Stats
  • This quiz has been taken 9 times
  • The average score is 18 of 21
Answer Stats
Area Country or State % Correct
2,381,741 Algeria
100%
1,246,700 Angola
100%
1,240,192 Mali
100%
1,267,000 Niger
100%
1,221,037 South Africa
100%
1,861,484 Sudan
100%
1,284,000 Chad
86%
2,344,858 Democratic Republic of Congo
86%
1,002,450 Egypt
86%
1,104,300 Ethiopia
86%
1,030,700 Mauritania
86%
1,729,742 Queensland
86%
945,087 Tanzania
86%
2,527,01 Western Australia
86%
1,759,540 Libya
71%
825,615 Namibia
71%
800,150 New South Wales
71%
1,347,791 Northern Territory
71%
984,321 South Australia
71%
801,590 Mozambique
57%
923,768 Nigeria
57%
No matching quizzes found
Score Distribution
Percent of People with Each Score
Percentile by Number Answered
Your Score History
You have not taken this quiz